00374nam a2200169Ia 4500003000900000008004100009040001300050040001300063041000800076100001800084245004100102250000900143260002700152260000900179300001000188490000600198IT-RoPAU120407s9999 xx 000 0 und d aIT-RoPAU cIT-RoPAU aita aCarlo Carbone aI grandi del cattolicesimo - 2 voll. aRoma aEnte Librario italiano c1955 c27 cm v1